Сибирский сборник (Запись № 4487759)
[ простой вид ]
| 000 -МАРКЕР | |
|---|---|
| контрольное поле | 04438nas1a22006011i 4500 |
| 001 - ИДЕНТИФИКАТОР ЗАПИСИ | |
| контрольное поле | RU\NLR\INFOCOMM31\5000012413 |
| 005 - ИДЕНТИФИКАТОР ВЕРСИИ | |
| контрольное поле | 20241118104650.0 |
| 035 ## - ДРУГИЕ СИСТЕМНЫЕ НОМЕРА | |
| Идентификатор записи | (NLR Aleph) 002342711 |
| 100 ## - ДАННЫЕ ОБЩЕЙ ОБРАБОТКИ | |
| Данные общей обработки | 20041102c1886 |||y0rusy50 ca |
| 101 0# - ЯЗЫК РЕСУРСА | |
| Язык текста, звукозаписи и т.д. | русский |
| 102 ## - СТРАНА ПУБЛИКАЦИИ ИЛИ ПРОИЗВОДСТВА | |
| Страна публикации | Российская Федерация |
| 110 ## - ПОЛЕ КОДИРОВАННЫХ ДАННЫХ: ПРОДОЛЖАЮЩИЕСЯ РЕСУРСЫ | |
| Кодированные данные продолжающегося ресурса | ayuzz 0|y| |
| 200 1# - ЗАГЛАВИЕ И СВЕДЕНИЯ ОБ ОТВЕТСТВЕННОСТИ | |
| Основное заглавие | Сибирский сборник |
| Сведения, относящиеся к заглавию | Науч.-лит. периодич. изд. |
| -- | Прил. к "Восточному обозрению" |
| 207 #1 - ОБЛАСТЬ СПЕЦИФИЧЕСКИХ СВЕДЕНИЙ: НУМЕРАЦИЯ ПРОДОЛЖАЮЩИХСЯ РЕСУРСОВ | |
| Нумерация: даты и обозначения томов | Г.[1]-[19] |
| 210 ## - ПУБЛИКАЦИЯ, РАСПРОСТРАНЕНИЕ И ДР. | |
| Место издания, распространения и т.д. | СПб. |
| Дата издания, распространения и т.д. | 1886-1904 |
| 325 1# - ПРИМЕЧАНИЕ О КОПИИ | |
| Текст примечания | Воспроизведен микрофильм. 1893, вып. 1-2; 1894, вып. 1-7; 1895, вып. 1-4. РНБ Репрография: Санкт-Петербург, 2003. Негатив: 524 кадра; микрофильм рулонный; 35мм; монохромный; основа безопасная; эмульсия галогеносеребряная; основная страховая копия. |
| 325 1# - ПРИМЕЧАНИЕ О КОПИИ | |
| Текст примечания | Воспроизведен микрофильм. 1896, вып. 1-4; 1897, вып. 1/2, 3-4. РНБ Репрография: Санкт-Петербург, 2003. Негатив: 460 кадров; микрофильм рулонный; 35мм; монохромный; основа безопасная; эмульсия галогеносеребряная; основная страховая копия. |
| 325 1# - ПРИМЕЧАНИЕ О КОПИИ | |
| Текст примечания | Воспроизведен микрофильм. 1898, вып. 1; 1899, вып. 1-2; 1900, вып. 1-2. РНБ Репрография: Санкт-Петербург, 2003. Негатив: 433 кадра; микрофильм рулонный; 35мм; монохромный; основа безопасная; эмульсия галогеносеребряная; основная страховая копия. |
| 325 1# - ПРИМЕЧАНИЕ О КОПИИ | |
| Текст примечания | Воспроизведен микрофильм. 1901, вып. 1; 1902, вып. 1; 1903, вып. 1; 1904, вып. 1. РНБ Репрография: Санкт-Петербург, 2003. Негатив: 467 кадров; микрофильм рулонный; 35мм; монохромный; основа безопасная; эмульсия галогеносеребряная; основная страховая копия. |
| 422 #0 - ИЗДАНИЕ, К КОТОРОМУ ОТНОСИТСЯ ПРИЛОЖЕНИЕ | |
| Встроенное поле | 2001#$aВосточное обозрение |
| Заглавие | Восточное обозрение |
| 801 #1 - ИСТОЧНИК ЗАПИСИ | |
| Страна | Российская Федерация |
| Организация | InfoComm |
| Дата составления | 20041102 |
| 801 #0 - ИСТОЧНИК ЗАПИСИ | |
| Страна | Российская Федерация |
| Организация | NLR |
| Правила каталогизации | PSBO |
| 852 ## - МЕСТОНАХОЖДЕНИЕ И ШИФР ХРАНЕНИЯ | |
| Идентификатор организации | NLR |
| Шифр хранения (Call Number) | 1/393 |
| 852 ## - МЕСТОНАХОЖДЕНИЕ И ШИФР ХРАНЕНИЯ | |
| Идентификатор организации | NLR |
| Наименование фонда или коллекции (Sub-Location Identifier) | Мф |
| Шифр хранения (Call Number) | П1/9366 |
| 942 ## - ДОПОЛНИТЕЛЬНЫЕ ЭЛЕМЕНТЫ ЗАПИСИ (АБИС) | |
| Тип экземпляра АБИС | Журнал |
| 980 ## - КОЛЛЕКЦИЯ | |
| Название коллекции | Русская периодика |
Нет доступных экземпляров.